|
|
|
|
| LEADER |
03319nam a2200409 i 4500 |
| 001 |
44996 |
| 003 |
BD-DhAAL |
| 005 |
20251102101733.0 |
| 008 |
251102t2018 enkaf f b 001 0 eng d |
| 010 |
|
|
|a 2019401825
|
| 020 |
|
|
|a 9781849049696
|
| 020 |
|
|
|a 9780702262623
|
| 020 |
|
|
|z 9780702263781
|
| 020 |
|
|
|z 9780702263798
|
| 035 |
|
|
|a 21332238
|
| 040 |
|
|
|a DLC
|b eng
|e rda
|c DLC
|d BD-DhAAL
|
| 042 |
|
|
|a pcc
|
| 043 |
|
|
|a u-at---
|
| 050 |
0 |
0 |
|a DU122.E17
|b K54 2019
|
| 082 |
|
|
|a 303.48294
|2 23
|
| 100 |
1 |
|
|a Khatun, Samia,
|e author.
|9 59776
|
| 245 |
1 |
0 |
|a Australianama :
|b the South Asian odyssey in Australia /
|c Samia Khatun.
|
| 246 |
3 |
8 |
|a Australianama
|
| 260 |
|
|
|a London :
|b Hurst Publishers,
|c 2018.
|
| 300 |
|
|
|a xviii, 286 pages :
|b illustrations ;
|c 22 cm
|
| 504 |
|
|
|a Includes bibliographical references (pages 235-255) and index.
|
| 520 |
|
|
|a The first major history of South Asian migration to Australia. Australian deserts remain dotted with the ruins of old mosques. Beginning with a Bengali poetry collection discovered in a nineteenth-century mosque in the town of Broken Hill, Samia Khatun weaves together the stories of various peoples colonised by the British Empire to chart a history of South Asian diaspora. Australianama (The Book of Australia) composes a history of Muslims in Australia through Sufi poetry, Urdu travel tales, Persian dream texts and Arabic concepts, as well as Wangkangurru song-poetry, Arabunna women's stories and Kuyani histories, leading readers through the rich worlds of non-white peoples that are missing from historical records. Khatun challenges a central idea that powerfully shapes history books across the Anglophone world: that European knowledge traditions are superior to the epistemologies of the colonised. Arguing that Aboriginal and South Asian language sources are keys to the vast, complex libraries that belie colonised geographies, Australianama shows that stories in colonised tongues can transform the very ground from which we view past, present and future.
|
| 526 |
|
|
|a ENH
|x Gazi Md. Mizanur Rahman
Assistant Professor,
Department of English and Humanities
BRAC University
Course name: Global Migration & Transnational Community (HST 408)
|
| 541 |
|
|
|a Book Finder International
|e 44996, 44997
|
| 650 |
|
0 |
|a East Indians
|z Australia
|x History.
|9 59777
|
| 650 |
|
0 |
|a Acculturation
|z Australia
|x History.
|9 59778
|
| 651 |
|
0 |
|a Australia
|x History.
|9 59779
|
| 852 |
|
|
|a Ayesha Abed Library
|c General Stacks
|
| 942 |
|
|
|2 ddc
|c BK
|
| 999 |
|
|
|c 47615
|d 47615
|
| 952 |
|
|
|0 0
|1 0
|2 ddc
|4 0
|6 303_482940000000000_KHA
|7 0
|9 78416
|a BRACUL
|b BRACUL
|c NEW
|d 2025-10-27
|e Book Finder International
|g 4278.00
|l 0
|o 303.48294 KHA
|p 3010044996
|r 2025-10-27
|t 1
|v 8556.00
|w 2025-10-27
|y BK
|x Requisitioned by Gazi Md. Mizanur Rahman (Assistant Professor, Department of English and Humanities, BRAC University) for the course named- 'Global Migration & Transnational Community (HST 408)'
|
| 952 |
|
|
|0 0
|1 0
|2 ddc
|4 0
|6 303_482940000000000_KHA
|7 0
|9 78417
|a BRACUL
|b BRACUL
|c GEN
|d 2025-10-27
|e Book Finder International
|g 4278.00
|l 0
|o 303.48294 KHA
|p 3010044997
|r 2025-10-27
|t 2
|v 8556.00
|w 2025-10-27
|y BK
|x Requisitioned by Gazi Md. Mizanur Rahman (Assistant Professor, Department of English and Humanities, BRAC University) for the course named- 'Global Migration & Transnational Community (HST 408)'
|